|
|
|
|
| LEADER |
03571nam a2200841 4500 |
| 001 |
ocn796086588 |
| 003 |
OCoLC |
| 005 |
20170124071917.9 |
| 006 |
m o d |
| 007 |
cr cn||||||||| |
| 008 |
120622s2012 gw a ob 001 0 eng d |
| 040 |
|
|
|a DG1
|b eng
|e pn
|c DG1
|d E7B
|d DEBSZ
|d OCLCO
|d OCLCQ
|d N$T
|d YDXCP
|d COO
|d OCLCO
|d UKMGB
|d OCLCF
|d OCLCQ
|d DEBBG
|d OCLCQ
|d AZK
|d GrThAP
|
| 016 |
7 |
|
|a 016020810
|2 Uk
|
| 019 |
|
|
|a 961530232
|a 962708998
|
| 020 |
|
|
|a 9783527647828
|q (electronic bk.)
|
| 020 |
|
|
|a 3527647821
|q (electronic bk.)
|
| 020 |
|
|
|a 9783527647859
|q (electronic bk.)
|
| 020 |
|
|
|a 3527647856
|q (electronic bk.)
|
| 020 |
|
|
|a 9783527647842
|q (epub)
|
| 020 |
|
|
|a 3527647848
|q (epub)
|
| 020 |
|
|
|a 9783527647835
|q (mobi)
|
| 020 |
|
|
|a 352764783X
|q (mobi)
|
| 020 |
|
|
|a 9781280663598
|q (MyiLibrary)
|
| 020 |
|
|
|a 1280663596
|q (MyiLibrary)
|
| 020 |
|
|
|z 3527331859
|
| 020 |
|
|
|z 9783527331857
|
| 029 |
1 |
|
|a AU@
|b 000049569254
|
| 029 |
1 |
|
|a DEBBG
|b BV043394624
|
| 029 |
1 |
|
|a DEBSZ
|b 37280604X
|
| 029 |
1 |
|
|a DKDLA
|b 820120-katalog:000599634
|
| 029 |
1 |
|
|a NZ1
|b 15915908
|
| 035 |
|
|
|a (OCoLC)796086588
|z (OCoLC)961530232
|z (OCoLC)962708998
|
| 037 |
|
|
|a 10.1002/9783527647828
|b Wiley InterScience
|n http://www3.interscience.wiley.com
|
| 050 |
|
4 |
|a RS403
|b .K37 2012
|
| 072 |
|
7 |
|a MED
|x 023000
|2 bisacsh
|
| 072 |
|
7 |
|a MED
|x 058170
|2 bisacsh
|
| 072 |
|
7 |
|a MED
|x 071000
|2 bisacsh
|
| 072 |
|
7 |
|a MED
|x 072000
|2 bisacsh
|
| 082 |
0 |
4 |
|a 615.19
|2 23
|
| 049 |
|
|
|a MAIN
|
| 100 |
1 |
|
|a Kappe, C. Oliver.
|
| 245 |
1 |
0 |
|a Microwaves in organic and medicinal chemistry.
|
| 250 |
|
|
|a 2nd ed. /
|b C. Oliver Kappe, Alexander Stadler and Doris Dallinger.
|
| 264 |
|
1 |
|a Weinheim :
|b Wiley-VCH,
|c [2012]
|
| 264 |
|
4 |
|c ©2012
|
| 300 |
|
|
|a 1 online resource (xv, 668 pages) :
|b illustrations.
|
| 336 |
|
|
|a text
|b txt
|2 rdacontent
|
| 337 |
|
|
|a computer
|b c
|2 rdamedia
|
| 338 |
|
|
|a online resource
|b cr
|2 rdacarrier
|
| 347 |
|
|
|a data file
|2 rda
|
| 380 |
|
|
|a Bibliography
|
| 490 |
1 |
|
|a Methods and principles in medicinal chemistry ;
|v v. 52
|
| 505 |
0 |
|
|a Front Matter -- Introduction: Microwave Synthesis in Perspective -- Microwave Theory -- Equipment Review -- Microwave Processing Techniques -- Literature Survey Part A: Transition Metal-Catalyzed Reactions -- Literature Survey Part B: Miscellaneous Organic Transformations -- Literature Survey Part C: Heterocycle Synthesis -- Literature Survey Part D: Combinatorial Chemistry and High-Throughput Organic Synthesis -- Index.
|
| 500 |
|
|
|a Previous edition: 2005.
|
| 504 |
|
|
|a Includes bibliographical references and index.
|
| 588 |
0 |
|
|a Print version record.
|
| 650 |
|
0 |
|a Pharmaceutical chemistry.
|
| 650 |
|
0 |
|a Microwaves.
|
| 650 |
|
0 |
|a Organic compounds
|x Synthesis.
|
| 650 |
|
7 |
|a MEDICAL
|x Drug Guides.
|2 bisacsh
|
| 650 |
|
7 |
|a MEDICAL
|x Nursing
|x Pharmacology.
|2 bisacsh
|
| 650 |
|
7 |
|a MEDICAL
|x Pharmacology.
|2 bisacsh
|
| 650 |
|
7 |
|a MEDICAL
|x Pharmacy.
|2 bisacsh
|
| 650 |
|
7 |
|a Microwaves.
|2 fast
|0 (OCoLC)fst01020261
|
| 650 |
|
7 |
|a Organic compounds
|x Synthesis.
|2 fast
|0 (OCoLC)fst01047668
|
| 650 |
|
7 |
|a Pharmaceutical chemistry.
|2 fast
|0 (OCoLC)fst01060115
|
| 655 |
|
4 |
|a Electronic books.
|
| 700 |
1 |
|
|a Stadler, Alexander,
|d 1973-
|
| 700 |
1 |
|
|a Dallinger, Doris.
|
| 776 |
0 |
8 |
|i Print version:
|a Kappe, C. Oliver.
|t Microwaves in organic and medicinal chemistry.
|b 2nd ed.
|d Weinheim : Wiley-VCH, ©2012
|z 9783527331857
|w (OCoLC)775030639
|
| 830 |
|
0 |
|a Methods and principles in medicinal chemistry ;
|v v. 52.
|
| 856 |
4 |
0 |
|u https://doi.org/10.1002/9783527647828
|z Full Text via HEAL-Link
|
| 994 |
|
|
|a 92
|b DG1
|